Statistiques concernant Classement Serie A 2022-2023

Cliquez ici pour prendre le quiz!

Statistiques générales

  • Ce quiz a été pris 123 fois
  • Le résultat moyen est 13 sur 20

Statistiques - réponses

ClassementPointClub% Correct
190Naples
98%
762Juventus Turin
97%
470AC Milan
96%
663AS Rome
95%
372Inter Milan
95%
274Lazio Rome
91%
564Atalanta Bergame
78%
856Fiorentina
73%
1053Torino
69%
2019Sampdoria
67%
1345Sassuolo
67%
954FC Bologne
59%
1831Hellas Vérone
56%
1636US Lecce
56%
1246Udinese
53%
1152AC Monza
44%
1927US Cremonese
43%
1443Empoli
41%
1542US Salernitana
38%
1731Spezia
33%

Distribution des résultats

Percentile par nombre de réponses

% des personnes avec chaque résultat

Votre développement - résultats

Vous n’avez pas pris ce quiz